HTML & CSS : The Complete Reference (Record no. 11303)

MARC details
000 -LEADER
fixed length control field 00397nam a22001697a 4500
003 - CONTROL NUMBER IDENTIFIER
control field OSt
008 - FIXED-LENGTH DATA ELEMENTS--GENERAL INFORMATION
fixed length control field 220610b ||||| |||| 00| 0 eng d
020 ## - INTERNATIONAL STANDARD BOOK NUMBER
International Standard Book Number 9780070701946
082 ## - DEWEY DECIMAL CLASSIFICATION NUMBER
Classification number 006.7 POC
100 ## - MAIN ENTRY--PERSONAL NAME
Personal name POWELL, Thomas A
245 ## - TITLE STATEMENT
Title HTML & CSS : The Complete Reference
250 ## - EDITION STATEMENT
Edition statement 5th
260 ## - PUBLICATION, DISTRIBUTION, ETC. (IMPRINT)
Place of publication, distribution, etc Tata McGraw Hill
Name of publisher, distributor, etc Chennai
Date of publication, distribution, etc 2022
300 ## - PHYSICAL DESCRIPTION
Extent 832
650 ## - SUBJECT ADDED ENTRY--TOPICAL TERM
Topical term or geographic name as entry element CSE
942 ## - ADDED ENTRY ELEMENTS (KOHA)
Source of classification or shelving scheme Dewey Decimal Classification
Koha item type Text Books

No items available.

Design & Developed by: PIET Central Library
R70 Miles Stone Pattikalyana Samalkha Panipat 132102
mail ID :- [email protected], Phone No:- 0180-2569700 Ex.216